000 00381nam a2200133Ia 4500
008 231221s9999 xx 000 0 und d
020 _a978-0-387-88771-5
041 _aEnglish
100 _aAli A. Ghorbani, Wei Lu, Mahbod Tavallaee
245 0 _aNetwork Intrusion Detection and Prevention
260 _c2010
_bSpringer US
_aNew York
650 _aComputer Science
942 _cEB
999 _c218347
_d218347